[Event "Landesklasse West 2016/2017"]
[Site "?"]
[Date "2016.11.06"]
[Round "2"]
[White "Bauer, Wilfried"]
[Black "Meysing, Gerhard"]
[Result "1/2-1/2"]
[WhiteElo "1639"]
[BlackElo "1508"]
[PlyCount "98"]
[EventDate "2016.??.??"]
[WhiteTeam "Schachclub 1998 Gotha"]
[BlackTeam "Schachclub Rochade Leinefelde"]

1. f4 d5 2. Nf3 Nf6 3. e3 Nc6 4. Bb5 Bd7 5. O-O e6 6. b3 a6 7. Bxc6 Bxc6 8. Bb2
Be7 9. Ne5 Bb5 10. c4 dxc4 11. bxc4 Bd7 12. d3 O-O 13. Nd2 Ne8 14. Ne4 f6 15.
Nxd7 Qxd7 16. Qe2 Qc6 17. Rf3 f5 18. Nd2 Bf6 19. Nb3 Bxb2 20. Qxb2 b6 21. Rh3
Rf6 22. Nd4 Qd7 23. Qe2 Qf7 24. Nf3 h6 25. Ne5 Qe7 26. Qf3 Rc8 27. Qb7 Qd8 28.
Nc6 Nd6 29. Nxd8 Nxb7 30. Nxb7 Rb8 31. Nd6 cxd6 32. Rb1 Rf7 33. Rf3 Rfb7 34.
Rf2 Kf7 35. Rfb2 Ke7 36. a4 Kd7 37. Kf2 Kc6 38. Kf3 Kc5 39. h3 g6 40. g4 Kc6
41. gxf5 exf5 42. Rg1 Rg8 43. h4 Rbg7 44. d4 g5 45. hxg5 hxg5 46. fxg5 Rxg5 47.
Rgb1 Rg3+ 48. Kf4 R3g4+ 49. Kf3 Rg3+ 1/2-1/2

[Event "Landesklasse West 2016/2017"]
[Site "?"]
[Date "2016.11.06"]
[Round "2"]
[White "Stöber, Guido"]
[Black "Rätsch, Heinz"]
[Result "0-1"]
[WhiteElo "1353"]
[BlackElo "2000"]
[PlyCount "42"]
[EventDate "2016.??.??"]
[WhiteTeam "Schachclub Rochade Leinefelde"]
[BlackTeam "Schachclub 1998 Gotha"]

1. e4 d5 2. exd5 Qxd5 3. Nc3 Qa5 4. d4 Nf6 5. Be2 c6 6. Nf3 Bf5 7. O-O e6 8.
Bd2 Qc7 9. Ne5 Bd6 10. Bf4 Nbd7 11. Nxd7 Bxf4 12. Nxf6+ gxf6 13. g3 Rg8 14. Kh1
Bh6 15. Bd3 Bg4 16. Be2 Bh3 17. Re1 O-O-O 18. Ne4 f5 19. Nf6 Rg6 20. Nxh7 Bg7
21. c3 Rh8 0-1

[Event "Landesklasse West 2016/2017"]
[Site "?"]
[Date "2016.11.06"]
[Round "2"]
[White "Rockstuhl, Reiner"]
[Black "Bachmann, Gerhard"]
[Result "1-0"]
[WhiteElo "1770"]
[BlackElo "1892"]
[PlyCount "41"]
[EventDate "2016.??.??"]
[WhiteTeam "Schachclub 1998 Gotha"]
[BlackTeam "Schachclub Rochade Leinefelde"]

1. e4 e5 2. Nf3 Nc6 3. Bb5 Nge7 4. c3 a6 5. Ba4 b5 6. Bb3 h6 7. d4 Ng6 8. dxe5
Be7 9. O-O O-O 10. Re1 Ncxe5 11. Nxe5 Nxe5 12. Qd5 Nc6 13. Qh5 d6 14. Be3 Ne5
15. h3 Bb7 16. Bc2 Ng6 17. f4 Bh4 18. Rf1 Bg3 19. f5 Qh4 20. Qxh4 Nxh4 21. Bf4
1-0

[Event "Landesklasse West 2016/2017"]
[Site "?"]
[Date "2016.11.06"]
[Round "2"]
[White "Scheftlein, Richard"]
[Black "Von Otte, Wilhelm"]
[Result "1/2-1/2"]
[WhiteElo "2136"]
[BlackElo "1977"]
[PlyCount "32"]
[EventDate "2016.??.??"]
[WhiteTeam "ESV Lok Meiningen"]
[BlackTeam "TSG Ruhla"]

1. d4 d5 2. c4 e5 3. dxe5 d4 4. Nf3 Nc6 5. a3 a5 6. Nbd2 Bg4 7. Qb3 Nge7 8. h3
a4 9. Qd3 Bf5 10. Ne4 Ng6 11. Nf6+ gxf6 12. Qxf5 fxe5 13. Ng5 Qe7 14. g3 h6 15.
Ne4 Qe6 16. Qxe6+ fxe6 1/2-1/2

[Event "Landesklasse West 2016/2017"]
[Site "?"]
[Date "2016.11.06"]
[Round "2"]
[White "Thrän, Uwe"]
[Black "Lehmann, Peter"]
[Result "1/2-1/2"]
[WhiteElo "1744"]
[BlackElo "1866"]
[PlyCount "120"]
[EventDate "2016.??.??"]
[WhiteTeam "TSG Ruhla"]
[BlackTeam "ESV Lok Meiningen"]

1. d4 c6 2. c4 d5 3. Nf3 Nf6 4. e3 g6 5. Be2 Bg7 6. O-O O-O 7. Nc3 Bg4 8. b3
Nbd7 9. Ba3 Re8 10. cxd5 cxd5 11. Rc1 a6 12. h3 Bxf3 13. Bxf3 Qa5 14. Bb2 Rec8
15. a3 e6 16. b4 Qd8 17. Qd2 b5 18. a4 bxa4 19. Nxa4 Nb6 20. Nxb6 Qxb6 21. Rc3
Bf8 22. Ba3 Rcb8 23. Rb3 Qb5 24. Rfb1 Qa4 25. Qb2 Rb6 26. Bd1 Ne4 27. Bc2 Nd6
28. Rc3 Qd7 29. Bd3 Nb5 30. Bxb5 Qxb5 31. Rb3 Rab8 32. Qd2 Qa4 33. Qd3 Qb5 34.
Qc2 Rc6 35. Qb2 Rbc8 36. Qd2 Rc2 37. Qd1 Bd6 38. R3b2 R2c3 39. Rb3 R3c4 40. Qd3
Rb8 41. Qd2 Qa4 42. Qb2 Rbc8 43. b5 Bxa3 44. Rxa3 Qxb5 45. Qxb5 axb5 46. Rxb5
Rc2 47. Rb7 h5 48. Raa7 Rf8 49. g4 Kg7 50. Kg2 hxg4 51. hxg4 g5 52. Kg3 Re2 53.
Kf3 Re1 54. Kg2 Kg6 55. Re7 Rb1 56. Rac7 Kf6 57. Ra7 Rc1 58. Rab7 Rc4 59. Ra7
Kg6 60. Kg3 Rc1 1/2-1/2

[Event "Landesklasse West 2016/2017"]
[Site "?"]
[Date "2016.11.06"]
[Round "2"]
[White "Jörges, Frank"]
[Black "Brückmann, Volker"]
[Result "1-0"]
[WhiteElo "1827"]
[BlackElo "1783"]
[PlyCount "75"]
[EventDate "2016.??.??"]
[WhiteTeam "ESV Lok Meiningen"]
[BlackTeam "TSG Ruhla"]

1. d4 d5 2. Nf3 Nf6 3. Bf4 g6 4. e3 Bg7 5. c4 O-O 6. Nc3 c6 7. Bd3 b6 8. cxd5
Nxd5 9. Nxd5 Qxd5 10. O-O Bb7 11. Qe2 Nd7 12. Rfd1 Qa5 13. a3 Nf6 14. h3 b5 15.
Rac1 Rac8 16. Ne5 Qd8 17. Bb1 Nd7 18. Nd3 a5 19. Nc5 Ba8 20. Qd2 Nf6 21. Bd3
Nd5 22. Bg3 Re8 23. Bb1 Nf6 24. Bd3 Nh5 25. Bh2 e5 26. dxe5 Bxe5 27. Bxe5 Rxe5
28. Be2 Qe7 29. b4 Rd5 30. Qc2 a4 31. Bf3 Rxd1+ 32. Rxd1 Rd8 33. Rxd8+ Qxd8 34.
Bxh5 gxh5 35. Qf5 h4 36. Qg4+ Kh8 37. Qh5 Qd1+ 38. Qxd1 1-0

[Event "Landesklasse West 2016/2017"]
[Site "?"]
[Date "2016.11.06"]
[Round "2"]
[White "Fink, Klaus"]
[Black "Grube, Jan"]
[Result "1/2-1/2"]
[WhiteElo "1843"]
[BlackElo "1766"]
[PlyCount "94"]
[EventDate "2016.??.??"]
[WhiteTeam "TSG Ruhla"]
[BlackTeam "ESV Lok Meiningen"]

1. e4 c5 2. Nf3 Nc6 3. d4 cxd4 4. Nxd4 g6 5. Nc3 Bg7 6. Be3 Nf6 7. f3 O-O 8.
Qd2 d6 9. Bb5 Bd7 10. Bxc6 bxc6 11. O-O Qc7 12. Rad1 Rfd8 13. Rfe1 Rab8 14. b3
a6 15. Nb1 c5 16. Ne2 a5 17. Na3 a4 18. Nc3 axb3 19. axb3 Ra8 20. Nc4 Ra6 21.
Bh6 Rda8 22. Bxg7 Kxg7 23. e5 dxe5 24. Rxe5 Be6 25. Rde1 Ra1 26. Kf2 Nd7 27.
Nd5 Qb7 28. Rxe6 fxe6 29. Qc3+ Kf7 30. Rxa1 Rxa1 31. Qxa1 exd5 32. Ne5+ Nxe5
33. Qxe5 Qc6 34. h3 d4 35. g4 Qd6 36. Qxd6 exd6 37. f4 Kf6 38. Ke2 h6 39. Kd3
Ke6 40. Kc4 h5 41. b4 cxb4 42. Kxd4 Kf6 43. Kd5 Ke7 44. Kc4 Ke6 45. Kxb4 Kd5
46. gxh5 gxh5 47. c3 Ke4 1/2-1/2

[Event "Landesklasse West 2016/2017"]
[Site "?"]
[Date "2016.11.06"]
[Round "2"]
[White "Holland-Cunz, Dietrich"]
[Black "Voß, Ewald"]
[Result "0-1"]
[WhiteElo "1804"]
[BlackElo "1649"]
[PlyCount "142"]
[EventDate "2016.??.??"]
[WhiteTeam "ESV Lok Meiningen"]
[BlackTeam "TSG Ruhla"]

1. d4 d5 2. Nf3 Nf6 3. g3 Bg4 4. Bg2 e6 5. O-O Be7 6. c4 O-O 7. Bf4 c6 8. Qb3
Qb6 9. Nbd2 Nbd7 10. Rfe1 Qxb3 11. axb3 Bb4 12. Red1 Nh5 13. Be3 f5 14. h3 Bxf3
15. Bxf3 Nhf6 16. Bf4 Ne4 17. Bxe4 fxe4 18. Nf1 a6 19. c5 e5 20. dxe5 Nxc5 21.
Bd2 Bxd2 22. Nxd2 Rae8 23. Ra5 Nd7 24. Nxe4 Rxe5 25. Nc3 Nf6 26. Ra4 Rfe8 27.
Kg2 Ne4 28. Rb4 R8e7 29. Nxe4 Rxe4 30. Rxe4 Rxe4 31. e3 Rb4 32. Rd3 Kf7 33. f4
Kf6 34. g4 h6 35. h4 g5 36. Kg3 a5 37. fxg5+ hxg5 38. h5 a4 39. bxa4 Rxb2 40.
Rd4 Rb1 41. Rd2 Re1 42. Kf3 Rh1 43. Rb2 Rh3+ 44. Kg2 Rxe3 45. Rxb7 Re4 46. Kf3
Rxa4 47. h6 Ra3+ 48. Kg2 Ra4 49. Kf3 Ra3+ 50. Kf2 Ke5 51. Rf7 Rh3 52. Rf5+ Ke4
53. Rxg5 Rxh6 54. Rg8 Kf4 55. g5 Re6 56. g6 Kf5 57. g7 Kf6 58. Kf3 Kf7 59. Rd8
Kxg7 60. Kf4 Kf6 61. Rd7 Re4+ 62. Kf3 Rc4 63. Ke3 Ke6 64. Rd8 Ke5 65. Re8+ Kd6
66. Rd8+ Kc5 67. Kd3 Rh4 68. Rc8 Rh3+ 69. Kd2 d4 70. Kc2 Kd5 71. Rd8+ Kc4 0-1

[Event "Landesklasse West 2016/2017"]
[Site "?"]
[Date "2016.11.06"]
[Round "2"]
[White "Hagen, Matthias"]
[Black "Latka, Vera"]
[Result "1-0"]
[WhiteElo "1663"]
[BlackElo "1698"]
[PlyCount "52"]
[EventDate "2016.??.??"]
[WhiteTeam "TSG Ruhla"]
[BlackTeam "ESV Lok Meiningen"]

1. e4 c5 2. Nf3 Nc6 3. d3 e6 4. g3 d5 5. Qe2 dxe4 6. dxe4 Nf6 7. Bg2 Be7 8. O-O
O-O 9. c3 Qc7 10. Nbd2 Rd8 11. a4 a5 12. Nc4 b6 13. Bf4 Qa7 14. Rfd1 Ba6 15. b3
Rxd1+ 16. Rxd1 Rd8 17. Rxd8+ Bxd8 18. Qd3 Bc7 19. e5 Nd5 20. Ng5 g6 21. Bxd5
exd5 22. Qxd5 Bxc4 23. bxc4 Nd8 24. Qd7 Qb8 25. Ne4 Ne6 26. Nd6 Qf8 1-0

[Event "Landesklasse West 2016/2017"]
[Site "?"]
[Date "2016.11.06"]
[Round "2"]
[White "Kabisch, Roland"]
[Black "Grube, Paul"]
[Result "1-0"]
[WhiteElo "1546"]
[BlackElo "985"]
[PlyCount "101"]
[EventDate "2016.??.??"]
[WhiteTeam "TSG Ruhla"]
[BlackTeam "ESV Lok Meiningen"]

1. f4 d5 2. Nf3 e6 3. e3 Bd7 4. Ne5 Bd6 5. Nxd7 Nxd7 6. b3 c5 7. Bb2 Ngf6 8.
Bb5 a6 9. Bxd7+ Nxd7 10. Qg4 Nf6 11. Qxg7 Rg8 12. Qxf6 Be7 13. Qh6 Rxg2 14. Kf1
Rg8 15. Qxh7 Kd7 16. Qxf7 Qa5 17. Bf6 Rge8 18. Rg1 Kd6 19. Rg7 Qd8 20. Bxe7+
Rxe7 21. Qxe7+ Qxe7 22. Rxe7 Kxe7 23. Nc3 Rg8 24. Kf2 Kf6 25. h4 Rh8 26. Rh1
Kg6 27. h5+ Rxh5 28. Rxh5 Kxh5 29. Na4 c4 30. Nc5 cxb3 31. cxb3 b6 32. Nxe6 a5
33. Nc7 Kg6 34. Nxd5 b5 35. e4 Kf7 36. e5 Ke6 37. Nc7+ Kf5 38. e6 Kf6 39. f5 b4
40. Nd5+ Kxf5 41. e7 Ke6 42. e8=Q+ Kxd5 43. Ke3 Kd6 44. Kd4 a4 45. Qe5+ Kc6 46.
Qd5+ Kb6 47. Qc5+ Kb7 48. Kd5 axb3 49. Qc6+ Ka7 50. axb3 Kb8 51. Qd7 1-0

[Event "Thüringenliga 2016/2017"]
[Site "?"]
[Date "2016.11.06"]
[Round "2"]
[White "Kölsch, Maximilian"]
[Black "Pähtz, Thomas"]
[Result "1/2-1/2"]
[WhiteElo "2168"]
[BlackElo "2319"]
[PlyCount "87"]
[EventDate "2016.??.??"]
[WhiteTeam "SV Schott Jena"]
[BlackTeam "Ilmenauer SV"]

1. Nf3 Nf6 2. c4 d6 3. g3 g6 4. Bg2 Bg7 5. O-O O-O 6. Nc3 Nc6 7. d4 Bg4 8. d5
Na5 9. Nd2 c5 10. h3 Bd7 11. Rb1 a6 12. a3 Qc8 13. Kh2 b5 14. e4 Rb8 15. Qe2 e6
16. dxe6 fxe6 17. cxb5 axb5 18. b4 cxb4 19. axb4 Qxc3 20. Bb2 Qxb4 21. Bxf6 Qc5
22. Bxg7 Kxg7 23. f4 Nc4 24. Rfc1 Qe3 25. Qxe3 Nxe3 26. Rc7 Rfd8 27. Bf3 Rbc8
28. Rbc1 Nc4 29. Rb7 Rb8 30. Rxb8 Rxb8 31. Nxc4 Rc8 32. Be2 d5 33. exd5 exd5
34. Ra1 dxc4 35. Ra7 c3 36. Rxd7+ Kf6 37. Bd1 c2 38. Bxc2 Rxc2+ 39. Kg1 h5 40.
Rb7 Rb2 41. g4 b4 42. Rb6+ Kf7 43. Rb7+ Kf6 44. Rb6+ 1/2-1/2

[Event "Thüringenliga 2016/2017"]
[Site "?"]
[Date "2016.11.06"]
[Round "2"]
[White "Zehnter, Sebastian"]
[Black "Darr, Sascha"]
[Result "1/2-1/2"]
[WhiteElo "2189"]
[BlackElo "2065"]
[PlyCount "175"]
[EventDate "2016.??.??"]
[WhiteTeam "Ilmenauer SV"]
[BlackTeam "SV Schott Jena"]

1. e4 c6 2. Nf3 d5 3. Nc3 dxe4 4. Nxe4 Bg4 5. h3 Bxf3 6. Qxf3 Nd7 7. d4 Ngf6 8.
c3 Nxe4 9. Qxe4 Nf6 10. Qf3 e6 11. Be2 Be7 12. O-O O-O 13. Rd1 Qb6 14. b3 Rfd8
15. Bb2 Rd7 16. Rd3 Qa5 17. a3 Qd5 18. Qxd5 cxd5 19. a4 Rc8 20. Bf3 Rdc7 21.
Kf1 Ne8 22. Ke2 Bf6 23. Rdd1 Nd6 24. Kd3 Nf5 25. Bg4 Ne7 26. Re1 Nc6 27. f4 g6
28. Rac1 Na5 29. Bd1 Be7 30. g4 Bd6 31. f5 exf5 32. gxf5 Kg7 33. Rb1 Bf4 34.
Ba1 g5 35. Bf3 Rd8 36. Re2 Kf6 37. Bg4 Nc6 38. Bb2 Ne7 39. c4 Nxf5 40. Bf3 Re7
41. Rxe7 Nxe7 42. Ba3 Bd6 43. c5 Bf4 44. b4 Nf5 45. Re1 Nh4 46. Bh1 h5 47. b5
Ng6 48. Rf1 g4 49. Bc1 Kg5 50. h4+ Kf5 51. Bg2 Rf8 52. Bxd5 g3 53. Bxb7 Kg4 54.
Bf3+ Kxh4 55. Rh1+ Kg5 56. Rxh5+ Kf6 57. Bb2 Bg5 58. Kc4 Kf5 59. a5 Nh4 60. Bb7
Kg6 61. Rxh4 Bxh4 62. a6 f5 63. b6 axb6 64. a7 bxc5 65. dxc5 Be7 66. a8=Q Rxa8
67. Bxa8 Kg5 68. Bg2 Kg4 69. c6 Bd8 70. Kd5 f4 71. Ke4 Bc7 72. Bf3+ Kh3 73. Be5
Bb6 74. Kxf4 g2 75. Bxg2+ Kxg2 76. Kf5 Kf3 77. Ke6 Ke4 78. Bd6 Kd4 79. Kd7 Kd5
80. Bc7 Bf2 81. Bb8 Bb6 82. Ba7 Ba5 83. Bf2 Ke5 84. Be1 Bb6 85. Bb4 Kd5 86. Bd6
Ba5 87. c7 Bxc7 88. Kxc7 1/2-1/2

[Event "Thüringenliga 2016/2017"]
[Site "?"]
[Date "2016.11.06"]
[Round "2"]
[White "August, Daniel"]
[Black "Mehlhorn, Uwe"]
[Result "0-1"]
[WhiteElo "2019"]
[BlackElo "2126"]
[PlyCount "108"]
[EventDate "2016.??.??"]
[WhiteTeam "SV Schott Jena"]
[BlackTeam "Ilmenauer SV"]

1. c4 g6 2. g3 Bg7 3. Bg2 c5 4. Nc3 Nc6 5. a3 e5 6. b4 d6 7. Rb1 Nge7 8. e3 O-O
9. Nge2 Be6 10. Nd5 Qd7 11. O-O Rac8 12. Nec3 Nd8 13. d3 Nxd5 14. Nxd5 Bxd5 15.
Bxd5 Kh8 16. Bb2 Ne6 17. Bc3 b6 18. a4 Rc7 19. a5 f5 20. bxc5 bxc5 21. a6 Qc8
22. Rb7 Nd8 23. Rxc7 Qxc7 24. Qa1 Bf6 25. Rb1 Qc8 26. Qa4 f4 27. exf4 Qf5 28.
Be4 Qe6 29. fxe5 Bxe5 30. Bxe5+ dxe5 31. Qb5 Qe7 32. Bd5 Kg7 33. Qa5 h5 34. Rb8
Nc6 35. Bxc6 Rxb8 36. Bb7 Qd6 37. h4 Rf8 38. Be4 Qd4 39. Qa2 Rf6 40. Kg2 Rb6
41. Qa5 Qd6 42. Bb7 Rb4 43. Bd5 Qb6 44. Qa1 Rb2 45. Qa4 Qf6 46. Qd7+ Kh6 47.
Bf3 Rd2 48. Qxa7 e4 49. dxe4 Qd4 50. Be2 Rxe2 51. Qf7 Qxe4+ 52. Kh2 Qe7 53.
Qf4+ Kh7 54. Kg2 Qe4+ 0-1

[Event "Thüringenliga 2016/2017"]
[Site "?"]
[Date "2016.11.06"]
[Round "2"]
[White "Sukaylo, Aleksey"]
[Black "Babrikowski, Peter"]
[Result "1/2-1/2"]
[WhiteElo "2044"]
[BlackElo "2084"]
[PlyCount "121"]
[EventDate "2016.??.??"]
[WhiteTeam "Ilmenauer SV"]
[BlackTeam "SV Schott Jena"]

1. e4 d5 2. exd5 Qxd5 3. Nc3 Qd8 4. d4 Nf6 5. Bg5 e6 6. Ne4 Be7 7. Bxf6 Bxf6 8.
Nf3 O-O 9. c3 b6 10. Bd3 Bb7 11. Qd2 Nd7 12. Rd1 c5 13. O-O cxd4 14. Nxf6+ Nxf6
15. Nxd4 Qd5 16. f3 Qxa2 17. c4 Qa4 18. Nb5 Rfd8 19. Qc3 a5 20. Rfe1 Rac8 21.
Bc2 Qb4 22. Qxb4 axb4 23. Nd6 Ba6 24. Nxc8 Rxc8 25. b3 b5 26. Rd6 Bb7 27. Red1
Kf8 28. Rd8+ Rxd8 29. Rxd8+ Ke7 30. Rb8 Bc6 31. cxb5 Bd5 32. Rb6 Nd7 33. Ra6
Nc5 34. Ra7+ Kd6 35. Rxf7 Bxb3 36. Bxb3 Nxb3 37. b6 Nc5 38. Rf4 Na6 39. Rc4 Kd5
40. Rc1 Kd4 41. Kf2 b3 42. Ke2 b2 43. Rb1 Kc3 44. Kd1 Nc5 45. f4 g6 46. g4 Nb7
47. h4 Nd6 48. h5 gxh5 49. gxh5 h6 50. Ke2 Kc2 51. Rg1 Kc3 52. Kf3 Kc2 53. f5
exf5 54. Kf4 b1=Q 55. Rxb1 Kxb1 56. Ke5 Nc4+ 57. Kxf5 Nxb6 58. Kg6 Nd5 59. Kxh6
Nf4 60. Kg5 Nxh5 61. Kxh5 1/2-1/2

[Event "Thüringenliga 2016/2017"]
[Site "?"]
[Date "2016.11.06"]
[Round "2"]
[White "Brömel, Richard"]
[Black "Möller, Axel"]
[Result "1/2-1/2"]
[WhiteElo "2052"]
[BlackElo "1988"]
[PlyCount "38"]
[EventDate "2016.??.??"]
[WhiteTeam "SV Schott Jena"]
[BlackTeam "Ilmenauer SV"]

1. d4 Nf6 2. Nf3 g6 3. Bf4 Bg7 4. e3 O-O 5. Bc4 d6 6. c3 Nbd7 7. O-O Qe8 8. h3
e5 9. Bh2 exd4 10. exd4 Nb6 11. Bb3 Bf5 12. Nh4 Qd7 13. Nxf5 Qxf5 14. Nd2 Rfe8
15. Qf3 Qxf3 16. Nxf3 Re7 17. Rfe1 Rae8 18. Bf4 Nfd5 19. Bg5 Rxe1+ 1/2-1/2

[Event "Thüringenliga 2016/2017"]
[Site "?"]
[Date "2016.11.06"]
[Round "2"]
[White "Töpfer, Albrecht"]
[Black "Dreyer, Michael"]
[Result "1/2-1/2"]
[WhiteElo "1989"]
[BlackElo "2059"]
[PlyCount "103"]
[EventDate "2016.??.??"]
[WhiteTeam "Ilmenauer SV"]
[BlackTeam "SV Schott Jena"]

1. Nf3 Nf6 2. c4 d6 3. d4 Nbd7 4. g3 e5 5. Bg2 Be7 6. O-O O-O 7. Nc3 c6 8. e4
Qc7 9. h3 Re8 10. Be3 a6 11. a4 a5 12. Qc2 b6 13. Rac1 Ba6 14. b3 Rac8 15. d5
c5 16. Nb5 Qd8 17. Nd2 Bf8 18. Rce1 g6 19. Nc3 Bg7 20. g4 Kh8 21. Ne2 Ng8 22.
Ng3 Rc7 23. Bf3 Bc8 24. Kg2 Nf8 25. Rh1 Bh6 26. h4 f6 27. h5 g5 28. Nf5 Ra7 29.
Nb1 Bxf5 30. exf5 Rae7 31. Nc3 Ra7 32. Ne4 Rb7 33. Be2 Ra7 34. Bd3 Rb7 35. f3
Ra7 36. Bd2 Rb7 37. Kf2 Ra7 38. Ke2 Rb7 39. Kd1 Ra7 40. Kc1 Rb7 41. Kb1 Rf7 42.
Re2 Qe7 43. Nf2 Qd8 44. Kb2 Ree7 45. Qc1 Rg7 46. Be4 Ref7 47. Nd3 Re7 48. Ne1
Ref7 49. Reh2 Ra7 50. Ng2 Ne7 51. Nh4 Kg8 52. Ng2 1/2-1/2

[Event "Thüringenliga 2016/2017"]
[Site "?"]
[Date "2016.11.06"]
[Round "2"]
[White "Jung, Florian"]
[Black "Rempel, Patrick"]
[Result "1-0"]
[WhiteElo "1929"]
[BlackElo "2008"]
[PlyCount "69"]
[EventDate "2016.??.??"]
[WhiteTeam "SV Schott Jena"]
[BlackTeam "Ilmenauer SV"]

1. e4 g6 2. d4 Bg7 3. Nc3 c5 4. Nf3 Nc6 5. Be3 cxd4 6. Nxd4 d6 7. f3 Nf6 8. Qd2
O-O 9. O-O-O d5 10. exd5 Nxd5 11. Nxc6 bxc6 12. Bd4 Nxc3 13. Qxc3 Bh6+ 14. Kb1
e5 15. Qxc6 Bf5 16. Bd3 Rc8 17. Qb7 Bxd3 18. Bc3 Bxc2+ 19. Kxc2 Qa5 20. Qd5 Rc5
21. Qb3 Qc7 22. Rd5 Rc6 23. Rhd1 e4 24. fxe4 Bg7 25. R1d2 Rc8 26. R5d3 Rb6 27.
Qa3 Bf8 28. Qa4 Bb4 29. Qd7 Qb8 30. Qxc8+ Qxc8 31. Rd8+ Qxd8 32. Rxd8+ Bf8 33.
a3 f5 34. Bb4 Rf6 35. e5 1-0

[Event "Thüringenliga 2016/2017"]
[Site "?"]
[Date "2016.11.06"]
[Round "2"]
[White "Falk, Kristoffer"]
[Black "Bunke, Wilfried"]
[Result "1-0"]
[WhiteElo "1883"]
[BlackElo "1942"]
[PlyCount "63"]
[EventDate "2016.??.??"]
[WhiteTeam "Ilmenauer SV"]
[BlackTeam "SV Schott Jena"]

1. d4 Nf6 2. Nf3 d5 3. c4 e6 4. g3 Be7 5. Bg2 O-O 6. O-O c6 7. Qc2 Nbd7 8. Rd1
b6 9. b3 Bb7 10. Nc3 Rc8 11. e4 c5 12. exd5 exd5 13. Bb2 Qc7 14. cxd5 Nxd5 15.
Rac1 Nb4 16. Qb1 Nf6 17. a3 Nbd5 18. dxc5 Nxc3 19. Bxc3 bxc5 20. Qb2 Qb6 21.
Re1 Rfe8 22. Nh4 Bxg2 23. Kxg2 Bd8 24. Nf5 Qc6+ 25. Kg1 Re6 26. Be5 Kf8 27. Nd4
cxd4 28. Rxc6 Rexc6 29. Bxd4 Rc2 30. Qb1 Ne4 31. Qd1 Nxf2 32. Bxf2 1-0

[Event "Thüringenliga 2016/2017"]
[Site "?"]
[Date "2016.11.06"]
[Round "2"]
[White "Schneider, Christian"]
[Black "Philipp, Mathias"]
[Result "1-0"]
[WhiteElo "2190"]
[BlackElo "1864"]
[PlyCount "41"]
[EventDate "2016.??.??"]
[WhiteTeam "SG Blau-Weiß Stadtilm"]
[BlackTeam "SSV Vimaria 91 Weimar"]

1. e4 e5 2. Nf3 Nc6 3. Bc4 Bc5 4. c3 Nf6 5. d4 exd4 6. O-O Nxe4 7. cxd4 Bb6 8.
d5 Ne7 9. Qe2 Nd6 10. Bd3 O-O 11. Bxh7+ Kh8 12. Bc2 Nxd5 13. Bg5 Nf6 14. Nc3
Nde8 15. Nd5 d6 16. Qd3 g6 17. Nd2 Kg7 18. Qc3 Bf5 19. Bxf5 gxf5 20. Rae1 Rh8
21. Rxe8 1-0

[Event "Thüringenliga 2016/2017"]
[Site "?"]
[Date "2016.11.06"]
[Round "2"]
[White "Philipp, Michael"]
[Black "George, Tom"]
[Result "0-1"]
[WhiteElo "2043"]
[BlackElo "2178"]
[PlyCount "64"]
[EventDate "2016.??.??"]
[WhiteTeam "SSV Vimaria 91 Weimar"]
[BlackTeam "SG Blau-Weiß Stadtilm"]

1. f4 d5 2. Nf3 g6 3. g3 Bg7 4. Bg2 c6 5. O-O Qb6+ 6. d4 Nh6 7. Nc3 Nf5 8. e3
Nd7 9. Rb1 Nf6 10. Ne5 Nd6 11. b3 Bf5 12. g4 Be4 13. g5 Bxg2 14. gxf6 exf6 15.
Kxg2 fxe5 16. dxe5 Nf5 17. e4 dxe4 18. Na4 Qc7 19. Qe2 O-O 20. Qxe4 Rfe8 21.
Bb2 f6 22. Rfe1 fxe5 23. fxe5 Rad8 24. Re2 Qe7 25. Rbe1 b5 26. Nc3 Nd4 27. Rf2
Qg5+ 28. Kf1 Rxe5 29. Qd3 Rxe1+ 30. Kxe1 Qg1+ 31. Rf1 Qxh2 32. Kd1 Ne6 0-1

[Event "Thüringenliga 2016/2017"]
[Site "?"]
[Date "2016.11.06"]
[Round "2"]
[White "Siebarth, Raiko"]
[Black "Mysliwiec, Jörg"]
[Result "0-1"]
[WhiteElo "2240"]
[BlackElo "2054"]
[PlyCount "78"]
[EventDate "2016.??.??"]
[WhiteTeam "SG Blau-Weiß Stadtilm"]
[BlackTeam "SSV Vimaria 91 Weimar"]

1. e4 c6 2. Nc3 d5 3. f4 dxe4 4. Nxe4 Nd7 5. Qe2 Ndf6 6. Nf2 Nh6 7. Nf3 g6 8.
g3 Nf5 9. Bg2 Bg7 10. c3 O-O 11. d4 Qc7 12. O-O h5 13. Nd3 Be6 14. Nde5 Bd5 15.
Bh3 e6 16. Be3 b6 17. Ng5 c5 18. dxc5 bxc5 19. c4 Bb7 20. Rad1 Qb6 21. Bxf5
exf5 22. b4 Rac8 23. Qf2 Ng4 24. Nxg4 hxg4 25. Bxc5 Qc6 26. Rd5 Rfe8 27. h3 f6
28. hxg4 fxg5 29. gxf5 gxf5 30. fxg5 Qe6 31. Rxf5 Qe4 32. Kh2 Qxc4 33. Rf4 Qd3
34. Re1 Rxe1 35. Qxe1 Qh7+ 36. Rh4 Qc2+ 37. Bf2 Qc6 38. Qf1 Qf3 39. Rf4 Rc1 0-1

[Event "Thüringenliga 2016/2017"]
[Site "?"]
[Date "2016.11.06"]
[Round "2"]
[White "Scheitz, Michael"]
[Black "Neubauer, Andreas"]
[Result "0-1"]
[WhiteElo "2015"]
[BlackElo "2061"]
[PlyCount "66"]
[EventDate "2016.??.??"]
[WhiteTeam "SSV Vimaria 91 Weimar"]
[BlackTeam "SG Blau-Weiß Stadtilm"]

1. d4 e6 2. c4 Nf6 3. Nf3 d5 4. Nc3 Be7 5. Bf4 O-O 6. e3 b6 7. cxd5 exd5 8. Be2
Bb7 9. Ne5 Nbd7 10. O-O c5 11. dxc5 Nxc5 12. Nf3 Nfe4 13. Nb5 Ne6 14. Be5 Bf6
15. Nbd4 Bxe5 16. Nxe5 Qd6 17. Nef3 g6 18. Rc1 Rfc8 19. Qa4 N6c5 20. Qc2 a6 21.
Rfd1 Nxf2 22. Re1 Ncd3 23. Bxd3 Rxc2 24. Bxc2 Ng4 25. e4 Ne5 26. exd5 Nxf3+ 27.
Nxf3 Bxd5 28. Bb1 Qf6 29. b3 Rd8 30. Rf1 Re8 31. Bd3 Re3 32. Bxa6 b5 33. Bxb5
Qb6 0-1

[Event "Thüringenliga 2016/2017"]
[Site "?"]
[Date "2016.11.06"]
[Round "2"]
[White "Werner, Justus"]
[Black "Albrecht, Jürgen"]
[Result "1/2-1/2"]
[WhiteElo "1913"]
[BlackElo "2015"]
[PlyCount "28"]
[EventDate "2016.??.??"]
[WhiteTeam "SG Blau-Weiß Stadtilm"]
[BlackTeam "SSV Vimaria 91 Weimar"]

1. d4 Nf6 2. c4 g6 3. g3 Bg7 4. Bg2 O-O 5. Nc3 d6 6. e3 Nc6 7. Nge2 e5 8. O-O
Bd7 9. b3 Qc8 10. Bb2 Bh3 11. Nd5 Bxg2 12. Kxg2 exd4 13. Nxf6+ Bxf6 14. Nxd4
Nxd4 1/2-1/2

[Event "Thüringenliga 2016/2017"]
[Site "?"]
[Date "2016.11.06"]
[Round "2"]
[White "Gulich, Christian"]
[Black "Siebarth, Marco"]
[Result "1-0"]
[WhiteElo "1955"]
[BlackElo "1992"]
[PlyCount "65"]
[EventDate "2016.??.??"]
[WhiteTeam "SSV Vimaria 91 Weimar"]
[BlackTeam "SG Blau-Weiß Stadtilm"]

1. e4 c5 2. Nf3 Nc6 3. d4 cxd4 4. Nxd4 Nf6 5. Nc3 e5 6. Ndb5 d6 7. Bg5 a6 8.
Na3 b5 9. Nd5 Be7 10. Bxf6 Bxf6 11. c3 Ne7 12. Nxf6+ gxf6 13. Be2 f5 14. exf5
Bxf5 15. Nc2 d5 16. Ne3 Be6 17. a4 Rb8 18. axb5 axb5 19. Qd2 Qb6 20. f4 e4 21.
Nc2 Nc6 22. f5 Bxf5 23. Qxd5 Bg6 24. Nd4 Nxd4 25. Qe5+ Kd7 26. Rd1 Kc6 27. cxd4
Rbe8 28. Rc1+ Kb7 29. Qd5+ Kb8 30. O-O Rd8 31. Qe5+ Kb7 32. Rc5 Rhe8 33. Qg3
1-0

[Event "Thüringenliga 2016/2017"]
[Site "?"]
[Date "2016.11.06"]
[Round "2"]
[White "Berner, Stephan"]
[Black "Gräf, Michael"]
[Result "1/2-1/2"]
[WhiteElo "1886"]
[BlackElo "1850"]
[PlyCount "43"]
[EventDate "2016.??.??"]
[WhiteTeam "SG Blau-Weiß Stadtilm"]
[BlackTeam "SSV Vimaria 91 Weimar"]

1. e4 c6 2. Nc3 d5 3. f4 e6 4. Nf3 Bb4 5. a3 Bxc3 6. dxc3 Nf6 7. e5 Ne4 8. Be3
O-O 9. Bd3 f5 10. O-O Qe7 11. Qe1 Nd7 12. Bxe4 fxe4 13. Nd4 Nb6 14. b3 Bd7 15.
a4 Nc8 16. Qg3 a6 17. Rf2 Qf7 18. Raf1 Ne7 19. Qh3 c5 20. Ne2 Rac8 21. g4 Ng6
22. Qg3 1/2-1/2

[Event "Thüringenliga 2016/2017"]
[Site "?"]
[Date "2016.11.06"]
[Round "2"]
[White "Homberger, Jan"]
[Black "Schröter, Maik"]
[Result "1/2-1/2"]
[WhiteElo "1725"]
[BlackElo "1816"]
[PlyCount "55"]
[EventDate "2016.??.??"]
[WhiteTeam "SSV Vimaria 91 Weimar"]
[BlackTeam "SG Blau-Weiß Stadtilm"]

1. e4 c5 2. Nc3 d6 3. f4 Nf6 4. Bc4 Nc6 5. Nf3 Bg4 6. e5 dxe5 7. fxe5 Bxf3 8.
Qxf3 Nxe5 9. Bb5+ Ned7 10. Qxb7 Qb8 11. Qc6 Qc8 12. Qf3 e6 13. O-O Rb8 14. d3
a6 15. Ba4 Be7 16. Ne4 O-O 17. Bf4 Nxe4 18. Bxd7 Qxd7 19. Bxb8 Nd2 20. Qg3 Nxf1
21. Rxf1 f6 22. Qc7 Qxc7 23. Bxc7 Rc8 24. Ba5 e5 25. Re1 Kf7 26. Re4 Ke6 27.
Kf2 f5 28. Rc4 1/2-1/2